000 01208naa a22003257a 4500
001 BR7604037
003 BR-BrBNA
005 20240918173919.0
007 ta
008 230509b bl.||||| |||| 00| 0 por d
040 _aBR-BrBNA
_bpor
_cBiblioteca Nacional de Agricultura
041 _a(Pt)
072 _aH50
_b0710
_b4350
_bG514
090 _aH50 BR7604037
100 1 _aIuchi, T.
100 1 _aFortes, G.R.L.
100 1 _aPetri, J.L.
111 1 _a3. Congresso Brasileiro de Fruticultura
_cRio de Janeiro, RJ (Brazil)
_d14 Jul 1975
245 1 _aEfeito do Shionox no controle do russeting da maca variedade Golden delicious [Malus spp., disturbio fisiologico, Santa Catarina, Brasil]
260 3 _aCampinas, SP (Brasil):
_c1976.
500 _aAnais do 3. Congresso Brasileiro de Fruticultura Campinas, SP (Brasil): 1976. v. 2 p. 441-445 (BR7604037-AM)H50
650 _aMACA
650 _aVARIEDADE
650 _aDISTURBIO FISIOLOGICO
650 _aCONTROLE QUIMICO
650 _aSANTA CATARINA
773 0 _tAnais do 3. Congresso Brasileiro de Fruticultura
_wH50 BR7604037
_gCampinas, SP (Brasil), 1976. v. 2 p. 441-445
909 _a202404
_bLucia
_c55
_dLucia Elande
942 _cAM
_2AGRIS
999 _c307653
_d307653